00737nam a2200217Ia 4500008004100000020001500041050001100056050001400067245003700081245004100118245005500159260001800214260002300232260000900255300001400264300001100278440005500289650004200344999001900386952011400405160319s9999 xx 000 0 und d a9212709884 a808.81 bA628 2000 3aAn Anthology of winning works :  bthe 1980's short story / [the award] cDon Carlos Palanca Memorial Awards for Literature. aPasig City :  bAnvil Publishing,  c2000 a557 p. ;  c22 cm. aDon Carlos Palanca Memorial Awards for Literature. aShort stories -- Philippine (English) c292188d292188 001040aSSISBbSSISBcFILd2016-03-19l0oFil 808.83 A628 2000pUS 0329r2016-03-19 00:00:00w2016-03-19yBK